Statistics for Indie Bands by Song

Click here to take the quiz!

General Stats

  • This quiz has been taken 45 times
  • The average score is 4 of 6

Answer Stats

SongsBand% Correct
Yellow, The Scientist, ParadiseColdplay
94%
Do I Wanna Know, Fluorescent Adolescent, ArabellaArctic Monkeys
91%
Ho Hey, Ophelia, Sleep on the FloorThe Lumineers
77%
Little Talks, Dirty Paws, CrystalsOf Monsters and Men
63%
Ditmas, Lover of the Light, Little Lion ManMumford and Sons
63%
Polaroid, Dreams, ThiefImagine Dragons
14%

Score Distribution

Percentile by Number Answered

Percent of People with Each Score

Your Score History

You have not taken this quiz